Footballeurs ayant remporté la Coupe du monde 2022 - Mort subite - Statistiques

Statistiques générales
  • Ce quiz a été pris 305 fois
  • Le résultat moyen est 8 sur 15
Answers on the Grid
Answers color-coded by a green-red scale on the quiz's grid according to % correct below.
Lionel Messi
Lautaro Martinez
Lisandro Marlinez
Emiliano Martinez
Ezequiel Fernandez
Leonardo Balerdi
Juan Foyth
Facundo Medina
Nicolas Otamendi
Rodrigo de Paul
Valentin Carboni
Giuliano Simeone
Thiago Almada
Nahuel Molina
Nicolas Gonzalez
Julian Alvarez
Walter Benitez
Juan Musso
Nicolas Tagliafico
Enzo Fernandez
Alexis Mac Allister
Nico Paz
Franco Mastantuono
Cristian Romero
Valentin Barco
Giovani Lo Celso
Kevin Mac Allister
Emiliano Buendia
Paulo Dybala
Angel Di Maria
 
Statistiques - réponses
Réponse % Correct
Lionel Messi
98%
Emiliano Martinez
87%
Lautaro Martinez
87%
Rodrigo de Paul
64%
Nicolas Otamendi
57%
Angel Di Maria
49%
Julian Alvarez
45%
Enzo Fernandez
42%
Lisandro Marlinez
42%
Alexis Mac Allister
41%
Paulo Dybala
37%
Nicolas Tagliafico
35%
Nahuel Molina
32%
Cristian Romero
22%
Juan Foyth
16%
Aucun quiz correspondant
Distribution des résultats
% des personnes avec chaque résultat
Percentile par nombre de réponses
Votre historique - résultats
Vous n’avez pas pris ce quiz